000 00584nam a22002052 4500
001 0000007391
005 20151217145837.0
008 080122s xx 000 0 eng d
020 _a0321314859 :
_cKES 4455
040 _aKABU
_cKABU
100 1 _aLay, David C.
_@0000158624
245 1 0 _aLinear algebra and its applicatios /
_cDavid C. Lay.
250 _a3rd ed.
260 _aLondon :
_bPearson,
_c2006.
300 _a576 p. +
_e1 CD.
650 0 _aAlgebras, Linear.
_@0000154658
908 _a080122
950 _@1
999 _c3189
_d3189